000 00372nam a2200145Ia 4500
005 20240620055458.0
008 240331s9999 xx 000 0 und d
082 _bGAN
_a891.48
100 _aGanesalingan, S
245 0 _aOomaigal
_cS. Ganeshalingan
260 _aChennai
_bKumaran Publishers
_c2005
300 _a208 p .,
650 _aShort stories in Tamil
942 _cL
999 _c3898
_d3898